Líneas submarinas telegráficas de Europa a las Américas, del Atlántico al Pacífico / por Arturo de Marcoartu
Descripción Física:
55 p. ; 23 cm
MARC
| LEADER | 00000nam a2200000Ia 4500 | ||
|---|---|---|---|
| 001 | 16414 | ||
| 003 | BGR | ||
| 005 | 20260324180128.0 | ||
| 008 | 160829s1863 xx 000 0 cat d | ||
| 080 | |a C-2-342 | ||
| 100 | |a Marcoartu, Arturo de |9 47232 | ||
| 245 | |a Líneas submarinas telegráficas de Europa a las Américas, del Atlántico al Pacífico / por Arturo de Marcoartu | ||
| 260 | |a Nueva York : |b (Imprenta de Esteban Hallet), |c 1863 | ||
| 300 | |a 55 p. ; |c 23 cm | ||
| 590 | |a A la part superior de la portada: Empresa Telegráfica Universal. | ||
| 590 | |a Prové de 931, exp. 15. | ||
| 590 | |a Hi ha un duplicat a: DUP-73-31 | ||
| 650 | |a Cables submarins |x S. XIX |9 47233 | ||
| 650 | |a Línies telegràfiques |x S. XIX |9 47234 | ||
| 710 | 2 | |a Empresa Telegráfica Universal |9 70748 | |
| 901 | |a Arxiu | ||
| 942 | |n 1 |2 udc |c MON | ||
| 952 | |0 0 |1 0 |4 0 |6 C2342 |7 1 |9 53763 |a Arxiu |b Arxiu |d 2016-12-01 |l 0 |o C-2-342 |p 16414 |r 2016-12-01 00:00:00 |w 2016-12-01 |y ARXIU | ||
| 999 | |c 57629 |d 57629 | ||